| 000 | 01391cam a2200373 a 4500 | ||
|---|---|---|---|
| 999 |
_c7426 _d7426 |
||
| 001 | 7426 | ||
| 003 | BD-JhCC | ||
| 005 | 20220825134021.0 | ||
| 008 | 061122s2007 nyua 000 0aeng | ||
| 020 | _a0743277457 | ||
| 020 | _a9780743277457 | ||
| 035 | _a(BD-JhCC)7426 | ||
| 035 | _a(OCoLC)77116634 | ||
| 040 |
_aDLC _cDLC _dYDX _dBAKER _dBTCTA _dLF8 _dYDXCP _dDLC _dBD-JhCC |
||
| 041 | _aeng | ||
| 050 | 0 | 0 |
_aGV1439.W35 _bA3 2007 |
| 082 | 0 | 0 |
_a613.7/148 _222 _bWAI 2007 |
| 100 | 1 | _aWaitzkin, Josh. | |
| 245 | 1 | 4 |
_aThe art of learning : _ba journey in the pursuit of excellence / _cJosh Waitzkin. |
| 260 |
_aNew York : _bFree Press, _cc2007. |
||
| 300 |
_axix, 265 p. : _bill. ; _c24 cm. |
||
| 505 | 0 | _aThe foundation -- My second art -- Bringing it all together. | |
| 600 | 1 | 0 | _aWaitzkin, Josh. |
| 650 | 0 |
_aChess players _zUnited States _vBiography. |
|
| 650 | 0 | _aTai chi. | |
| 650 | 0 | _aLearning. | |
| 650 | 0 | _aMeditation. | |
| 856 | 4 | 2 |
_3Publisher description _uhttp://www.loc.gov/catdir/enhancements/fy0709/2006052539-d.html |
| 856 | 4 | 1 |
_3Table of contents only _uhttp://www.loc.gov/catdir/enhancements/fy0710/2006052539-t.html |
| 856 | 4 | 1 |
_3Sample text _uhttp://www.loc.gov/catdir/enhancements/fy0710/2006052539-s.html |
| 856 | 4 | 2 |
_3Contributor biographical information _uhttp://www.loc.gov/catdir/enhancements/fy0915/2006052539-b.html |
| 942 |
_2ddc _cBK _02 |
||